000 01009nam a22002897a 4500
001 816
005 20230710150552.0
008 230710b cb ||||| |||| 00| 0 eng d
020 _a0064440109 (pbk.) :
_c$3.50 ($4.75 Can.)
040 _aDLC
_cDLC
_dDLC
_beng
050 0 0 _aPZ7.H672
_bSs 1992
082 0 0 _a813.5
_220
100 1 _aHoff, Syd,
_d1912-2004.
245 1 0 _aStanley /
_cstory and pictures by Syd Hoff.
250 _aNew Harper Trophy edition,1992.
260 _aNew York, N.Y. :
_bHarperTrophy,
_c1992.
300 _a64 pages :
_bcolor illustrations ;
_c22 cm.
500 _a"Published in hardcover by HarperCollins"--T.p. verso.
505 _aJ
520 _aChased away by the other cavemen because he is different, Stanley finds a new and better way of living.
521 _a460
_bLexile
521 _aJ
_bRaz-Plus
650 1 _aPrehistoric peoples
_xFiction.
650 1 _aSelf-confidence
_xFiction.
906 _a7
_bcbc
_corignew
_d1
_eocip
_f19
_gy-gencatlg
942 _2ddc
_cBK
_n0
999 _c816
_d816